| 000 | 00769cac a22002291u 4500 | ||
|---|---|---|---|
| 005 | 20160829142351.0 | ||
| 008 | 110320t2010 xxuadk fr 001 0 eng d | ||
| 020 | _a0393935337 | ||
| 020 | _a9780393935332 | ||
| 040 | _aEG-ScBUE | ||
| 082 | 0 | 0 |
_222 _a338.5 _bVAR |
| 100 | 1 |
_936405 _aVarian, Hal R. |
|
| 245 | 1 | 0 |
_aIntermediate microeconomics : _ba modern approach / _cHal R. Varian. |
| 250 |
_a8th ed., _binternational student ed. |
||
| 260 |
_aNew York, United Staes ; _aLondon : _bW. W. Norton & Company, _cc.2010 |
||
| 300 |
_a[Various pagings] : _bcharts, forms, tables ; _c24 cm. |
||
| 500 | _aIncludes index. | ||
| 650 | 0 |
_aMicroeconomics _95599 |
|
| 653 |
_cNovember2011 _cOctober2012 _cNovember2014 |
||
| 655 |
_vtext book _933728 |
||
| 942 |
_cNB _2ddc _k338.5 VAR |
||
| 999 |
_c16188 _d16188 |
||